00927cam a2200205 a 4500003000900000005001700009008004100026040002800067041000800095100002700103245017900130246008700309260004600396300002900442502009700471700003600568700003900604700004500643856003300688EG-GiCUC20250223030344.0110208s1996 ua d f m 000 0 eng d aEG-GiCUCbengcEG-GiCUC0 aeng0 aEhab Nabil Nasief Mina10aCalibration of electronic distance measurement instruments in Egypt / cEhab Nabil Nasief Mina ; Supervised Youssef Ebrahim Abdelaziz , Dalal Sobhy Alnagar , Ashraf Nasr Said15aمعايرة أجهزة قياس المسافات الكترونيا فى مصر aCairo : bEhab Nabil Nasief Mina , c1996 a77P. : bcharts ; c25cm aThesis (M.Sc.) - Cairo University - Faculty of Engineering - Department of Civil Engineering0 aAshraf Nasr Said , eSupervisor0 aDalal Sobhy Alnagar , eSupervisor0 aYoussef Ebrahim Abdelaziz , eSupervisor uhttp://172.23.153.220/th.pdf